|
|
|
|
| LEADER |
01547nam a22003734a 4500 |
| 001 |
41354 |
| 003 |
BD-DhAAL |
| 005 |
20240219112547.0 |
| 008 |
230724t1991 enk b 001 0beng d |
| 010 |
|
|
|a 2002489449
|
| 020 |
|
|
|a 0946621330
|
| 020 |
|
|
|a 9780946621330
|
| 020 |
|
|
|a 094662125X (hbk)
|
| 035 |
|
|
|a (UkLWHE)e000431343
|
| 040 |
|
|
|a DLC
|c DLC
|d DLC
|d BD-DhAAL
|
| 042 |
|
|
|a pcc
|
| 043 |
|
|
|a a-su---
|
| 050 |
0 |
0 |
|a BP75
|b .L56 2001
|
| 082 |
0 |
0 |
|a 297.63
|2 23
|
| 100 |
1 |
|
|a Lings, Martin.
|9 55171
|
| 245 |
1 |
0 |
|a Muhammad :
|b his life based on the earliest sources /
|c Martin Lings.
|
| 260 |
|
|
|a Cambridge ;
|a India :
|b The Islamic Texts Society,
|b Millat book centre,
|c 1991, 2005.
|
| 300 |
|
|
|a 361 pages ;
|c 23 cm.
|
| 504 |
|
|
|a Includes bibliographical references and index.
|
| 541 |
|
|
|a Donated By Akbar Ali Khan
Donated By Rebecca Dipa Khan
|e 41354, 42301
|
| 600 |
0 |
0 |
|a Muḥammad,
|c Prophet,
|d -632
|v Biography.
|9 55065
|
| 650 |
|
4 |
|a Islam.
|
| 650 |
|
4 |
|a Islamic studies.
|9 55172
|
| 650 |
|
4 |
|a Biography & autobiography.
|
| 852 |
|
|
|a Ayesha Abed Library
|c Akbar Ali Khan Collection
|
| 942 |
|
|
|2 ddc
|c BK
|
| 999 |
|
|
|c 46013
|d 46013
|
| 952 |
|
|
|0 0
|1 0
|2 ddc
|4 0
|6 297_630000000000000_LIN
|7 1
|9 74109
|a BRACUL
|b BRACUL
|c AAKC
|d 2023-07-24
|e Donated By Akbar Ali Khan
|l 0
|o 297.63 LIN
|p 3010041354
|r 2023-07-24
|t 1
|w 2023-07-24
|y BK
|
| 952 |
|
|
|0 0
|1 0
|2 ddc
|4 0
|6 297_630000000000000_LIN
|7 0
|9 75164
|a BRACUL
|b BRACUL
|c GEN
|d 2024-02-19
|e Donated By Rebecca Dipa Khan
|l 2
|m 16
|o 297.63 LIN
|p 3010042301
|r 2026-02-26
|s 2025-10-15
|t 1
|w 2024-02-19
|y BK
|x pricing source rokomari.com
|